Central Library OPAC University of Rajshahi

Studies in Muslim ethics / (Record no. 32984)

MARC details
000 -LEADER
fixed length control field 00705nam a22002531 4500
001 - CONTROL NUMBER
control field 32984
003 - CONTROL NUMBER IDENTIFIER
rucl marc code BD-RjUL
005 - DATE AND TIME OF LATEST TRANSACTION
control field 20211209051928.0
008 - FIXED-LENGTH DATA ELEMENTS--GENERAL INFORMATION
fixed length control field 720418s1953 xx 001 0 eng
035 ## - SYSTEM CONTROL NUMBER
System control number (BD-RjUL)33074
System control number (OCoLC)287996
040 ## - CATALOGING SOURCE
Original cataloging agency DLC
Transcribing agency OAU
Modifying agency Uk
-- DLC
-- BD-RjUL
Language of cataloging eng
041 ## - LANGUAGE CODE
Language code of text/sound track or separate title eng
082 ## - DEWEY DECIMAL CLASSIFICATION NUMBER
Classification number 297
Author mark and year DOS 1953
100 1# - MAIN ENTRY--PERSONAL NAME
Personal name Donaldson, Dwight M.
9 (RLIN) 99556
245 00 - TITLE STATEMENT
Title Studies in Muslim ethics /
Statement of responsibility, etc. Dwight M.Donaldson.
260 ## - PUBLICATION, DISTRIBUTION, ETC. (IMPRINT)
Place of publication, distribution, etc. London :
Name of publisher, distributor, etc. S. P. C. K.,
Date of publication, distribution, etc. 1953.
300 ## - PHYSICAL DESCRIPTION
Pagination xi, 304 p. ;
Size 22 cm.
504 ## - BIBLIOGRAPHY, ETC. NOTE
Bibliography, etc Bibliography: p. 289-295 & Includes Index.
650 #0 - SUBJECT ADDED ENTRY--TOPICAL TERM
Topical term or geographic name as entry element Islamic ethics.
9 (RLIN) 100248
942 ## - ADDED ENTRY ELEMENTS (KOHA)
Source of classification or shelving scheme Dewey Decimal Classification
Koha item type Books
Holdings
Lost status Source of classification or shelving scheme Damaged status Not for loan Collection code Permanent Location Current Location Shelving location Date acquired Source of acquisition Cost, normal purchase price Total Checkouts Full call number Date last seen Copy number Koha item type Date checked out
  Dewey Decimal Classification   Not For Loan Non-fiction Central Library, University of Rajshahi Central Library, University of Rajshahi Reading Room 04/04/1956 pul united ltd. 22.60   297 DOS 1953 29/04/2014 C-1 Books  
  Dewey Decimal Classification     Non-fiction Central Library, University of Rajshahi Central Library, University of Rajshahi   20/01/1965 Zeitlinger 30.00   297 DOS 1953 29/04/2014 C-9 Books  
  Dewey Decimal Classification     Non-fiction Central Library, University of Rajshahi Central Library, University of Rajshahi   20/01/1965 Zitlinger 30.00   297 DOS 1963 30/04/2014 C-6 Books  
  Dewey Decimal Classification     Non-fiction Central Library, University of Rajshahi Central Library, University of Rajshahi   19/11/1966 A. H. Qurchi 27.05 1 297 DOS 1953 19/06/2022 C-3 Books 13/04/2022
  Dewey Decimal Classification     Non-fiction Central Library, University of Rajshahi Central Library, University of Rajshahi   23/09/1968 zeithinger 30.00   297 DOS 1963 30/04/2014 C-10 Books  
  Dewey Decimal Classification     Non-fiction Central Library, University of Rajshahi Central Library, University of Rajshahi   20/01/1965 zeithinger 30.00   297 DOS 1963 30/04/2014 C-4 Books  
  Dewey Decimal Classification     Non-fiction Central Library, University of Rajshahi Central Library, University of Rajshahi   20/01/1965 zeithinger 30.00   297 DOS 1963 30/04/2014 C-7 Books  
  Dewey Decimal Classification     Non-fiction Central Library, University of Rajshahi Central Library, University of Rajshahi   20/01/1965 zeithinger 30.00   297 DOS 1953 08/05/2016 C-2 Books